| 000 | 00800nam a2200265 a 4500 | ||
|---|---|---|---|
| 001 | 35800 | ||
| 003 | BD-RjUL | ||
| 005 | 20211209052400.0 | ||
| 008 | 161212r19831976ii b 001 0 eng d | ||
| 035 | _a(BD-RjUL)35895 | ||
| 040 |
_aDLC _cDLC _dDLC _dBD-RjUL _beng |
||
| 041 | _aeng | ||
| 082 | 0 | 0 |
_a320 _bDEL 1983 _223 |
| 100 | 1 |
_aDeol, D. _9109044 |
|
| 245 | 1 | 0 |
_aLiberalism and Marxism : _ban introduction to the study of contemporary politics / _cD. Deol. |
| 260 |
_aNew Delhi : _bSterling Publishers, _c1977[Reprinted 1983] |
||
| 300 |
_axvi, 271 p. ; _c22 cm. |
||
| 500 | _aIncludes index. | ||
| 504 | _aBibliography: p. [256]-260. | ||
| 650 | 0 |
_aPolitical science. _9109045 |
|
| 650 | 0 |
_aState, The. _9109046 |
|
| 650 | 0 |
_aCommunist state. _96026 |
|
| 942 |
_2ddc _cBK |
||
| 999 |
_c35800 _d35800 |
||